ប្រពន្ធខ្ញុំខ្មោច : (Record no. 9211)

MARC details
000 -LEADER
fixed length control field 03957nam a22003137a 4500
001 - CONTROL NUMBER
control field 9211
003 - CONTROL NUMBER IDENTIFIER
control field FISKH
005 - DATE AND TIME OF LATEST TRANSACTION
control field 20251202124224.0
008 - FIXED-LENGTH DATA ELEMENTS--GENERAL INFORMATION
fixed length control field 251202b cb ||||| |||| 00| 0 eng d
020 ## - INTERNATIONAL STANDARD BOOK NUMBER
International Standard Book Number 9789996301124
040 ## - CATALOGING SOURCE
Original cataloging agency FISKH
Language of cataloging khr
Transcribing agency FISKH
Modifying agency FISKH
050 ## - LIBRARY OF CONGRESS CALL NUMBER
Classification number PZ7
082 ## - DEWEY DECIMAL CLASSIFICATION NUMBER
Classification number 398.2
100 ## - MAIN ENTRY--PERSONAL NAME
Personal name Sotheary , Kimsun
245 ## - TITLE STATEMENT
Title ប្រពន្ធខ្ញុំខ្មោច :
Remainder of title My wives are ghosts /
Statement of responsibility, etc. និពន្ធដោយ គឹមស៊ុន សុធារី , វិចិត្រកររូបភាពដោយ ថៃ សាន
260 ## - PUBLICATION, DISTRIBUTION, ETC.
Place of publication, distribution, etc. Phnom Penh :
Name of publisher, distributor, etc. Reading Books ,
Date of publication, distribution, etc. 2010.
300 ## - PHYSICAL DESCRIPTION
Extent 24 pages :
Other physical details color illustrations ;
Dimensions 25 cm .
490 ## - SERIES STATEMENT
Series statement ពិភពរឿងនិទាន
505 ## - FORMATTED CONTENTS NOTE
Formatted contents note K <br/>
520 ## - SUMMARY, ETC.
Summary, etc. មានប្តីប្រពន្ធក្រីក្រទើបរៀបការថ្មីៗ ។ ថ្ងៃមួយប្រពន្ធក៏ទៅខ្ចីលុយគេដើម្បីអោយប្តីទៅធ្វើការនៅស្រុកឆ្ងាយ ។ ដោយចាញ់កលគេប្តីត្រូវអស់លុយពីខ្លួន គាត់ពិបាកចិត្តពេកក៏ទៅលោតទឹកសម្លាប់ខ្លួន តែបានខ្មោចស្រីជួយសង្គ្រោះ ។ ពួកគេក៏បានរស់នៅជាមួយគ្នារហូតបានកូនមួយ ។ បុរសនោះក៏នឹកឃើញប្រពន្ធនៅឯស្រុកប្រមូលទ្រព្យសម្បត្តិនិងកូនមករស់នៅស្រុកវិញ ។ ថ្លែងពីប្រពន្ធនៅស្រុកដោយសារតែបាត់ប្តីយូរ ហើយផ្ទះរបស់នាងត្រូវបានគេរឹបអូស ធ្វើអោយនាងឈឺចាប់រហូតដល់ស្លាប់​ ។​ ពេលប្តីមកដល់ប្តីក៏ដឹងថាប្រពន្ធស្លាប់គាត់ក៏រត់ចោលនាង ហើយក៏ទៅរកប្រពន្ធនៅក្នុងព្រៃវិញ ។ បុរសនោះក៏បានជួបនឹងតាបស គាត់បានប្រាប់គ្រប់យ៉ាងទៅបុរសនោះ ។ គាត់មានការសោកស្តាយជាខ្មាំងក៏សុំនៅបម្រើលោកតាដើម្បីសាងអំពើល្អទៅជាតិក្រោយ ។
520 ## - SUMMARY, ETC.
Summary, etc. Poor husband and wife had just gotten married. One day, the wife went to borrow money so that her husband could travel far away to find work. Because he was deceived by others, the husband lost all his money. Feeling deeply distressed, he jumped into the water to end his life, but a female spirit saved him. The two of them then lived together and eventually had a child.<br/>The man later remembered his wife back in their village and decided to gather his belongings and his child to return home. As for his wife in the village, because her husband had been gone for so long and their house was seized by others, she suffered greatly and eventually died.<br/>When the husband arrived, he learned that his wife had passed away. Terrified, he ran away from her and went back to the spirit woman in the forest. The man then met a hermit, who told him everything. Overcome with grief and remorse, he asked to stay and serve the hermit to accumulate good deeds for his next life.
521 8# - TARGET AUDIENCE NOTE
Target audience note 520 <br/>
Source Lexile estimate <br/>
521 8# - TARGET AUDIENCE NOTE
Target audience note K <br/>
Source Raz-Plus <br/>
650 ## - SUBJECT ADDED ENTRY--TOPICAL TERM
Topical term or geographic name entry element ប្រពន្ធខ្ញុំខ្មោច
Form subdivision រឿងនិទានកុមារ
650 ## - SUBJECT ADDED ENTRY--TOPICAL TERM
Topical term or geographic name entry element My wives are ghosts
Form subdivision Children's Stories
700 ## - ADDED ENTRY--PERSONAL NAME
Personal name San, Thai
Relator term Illustrator
942 ## - ADDED ENTRY ELEMENTS (KOHA)
Source of classification or shelving scheme Dewey Decimal Classification
Koha item type Books
Suppress in OPAC No
Holdings
Withdrawn status Lost status Source of classification or shelving scheme Damaged status Not for loan Collection Home library Current library Shelving location Date acquired Total Checkouts Full call number Barcode Date last seen Price effective from Koha item type
    Dewey Decimal Classification     Khmer Non-Fiction / សៀវភៅខ្មែរ រឿងពិត Footprints International School Library Network Toul Tom Poung Campus Footprints International School Library Network Toul Tom Poung Campus TTP Primary Khmer Bookshelves 12/02/2025   SOT 398.2 2025-5002 12/02/2025 12/02/2025 Books